Statistics for Neutral Countries of the World Wars

Click here to take the quiz!

General Stats

  • This quiz has been taken 48 times
    (35 since last reset)
  • The average score is 27 of 39

Answer Stats

WarContinentAnswer% Correct
World War 1South AmericaParaguay
90%
World War 1South AmericaUruguay
90%
World War 1South AmericaColombia
86%
World War 1North AmericaMexico
86%
World War 1South AmericaPeru
86%
World War 1EuropeSwitzerland
86%
World War 2EuropeSwitzerland
86%
World War 1South AmericaArgentina
83%
World War 1South AmericaChile
83%
World War 1EuropeSweden
83%
World War 2EuropeSweden
83%
World War 1South AmericaVenezuela
83%
World War 1South AmericaBolivia
79%
World War 1South AmericaEcuador
79%
World War 2EuropeVatican City
79%
World War 1AfricaEthiopia
76%
World War 2EuropeAndorra
72%
World War 2EuropeLiechtenstein
72%
World War 1EuropeLiechtenstein
72%
World War 1EuropeNorway
72%
World War 1AsiaPersia
72%
World War 2EuropeSpain
72%
World War 1EuropeSpain
72%
World War 2EuropePortugal
69%
World War 1North AmericaEl Salvador
66%
World War 2EuropeIreland
62%
World War 1AsiaAfghanistan
59%
World War 2AsiaAfghanistan
59%
World War 1EuropeMonaco
59%
World War 1EuropeDenmark
55%
World War 1North AmericaDominican Republic
55%
World War 1AsiaMongolia
55%
World War 1EuropeNetherlands
55%
World War 1EuropeAlbania
52%
World War 1AsiaSaudi Arabia
48%
World War 2AsiaNorth Yemen
45%
World War 1AsiaTibet
31%
World War 2AsiaTibet
31%
World War 1AsiaHail
17%

Score Distribution

Percentile by Number Answered

Percent of People with Each Score

Your Score History

You have not taken this quiz since the last reset